01558cam a22004214i 4500003000900000005001700009008004100026035002000067040003300087049000900120082002400129100002900153245006800182264004000250300002800290336002100318337002500339338002300364505020200387526001000589526001000599526001000609526001000619526000800629526000800637526000800645526000800653526000800661526000800669526000800677650002600685942001400711994001400725596000600739999016100745980005500906952017500961PE-LiUPU20250731172929.0150617s1987 xxu r 000 0 eng d a(Sirsi) a204286 aPE-LiUPUbspacPE-LiUPUerda aPRUA04a253.088042bR592211 aRhodes, Lynn N.,eautor.04aCo-creating :bA feminist vision of ministry /cLynn N. Rhodes. 1aPhiladelphia :bWestminster,c1987. a132 páginas ;c20 cm. atext2rdacontent aunmediated2rdamedia avolume2rdacarrier2 aWhy feminist ministry? -- By what authority? -- Salvation as new creation -- Misision: Justice and solidarity -- Vocation: Meaningful work -- Feminist ministry: Vision of friendship and solidarity. aSEG42 aSEG41 aSEG40 aSEG39 aP94 aP87 aP86 aP85 aP77 aP76 aP3504aMinisterioxFeminista 2ddccBOOK aC0bPEPRU a1 a253.088042 R59wLCc20654i76066f2021-11-10g4lCCODEBUL1mBULp10.00r0sYtBOOKu2017-6-7xTEOLOGIAPP850DONACIONo.STAFF. Colección Teologíad20654 81gALBERTO SANCHEZ Responsable de Automatización r2025-12-03 00:00:00i5l0o253.088042 R59p76066te1v15.00w2017-06-07xPGyBKzinventario-2023-12-13102ddc50708GENfP85aBULbBULcGENd2017-06-07eDONACIONg10.00